[Event "Mittelrhein Regionalliga 16/17"]
[Site "Nordrheinwestfalen"]
[Date "2016.10.02"]
[Round "2.5"]
[White "Andok, Claus Michael"]
[Black "Kloss, Henning"]
[Result "0-1"]
[WhiteElo "2088"]
[BlackElo "2148"]
[PlyCount "52"]
[EventDate "2016.09.11"]
[EventType "team-tourn"]
[EventRounds "11"]
[EventCountry "GER"]
[SourceTitle "EXT 2022"]
[Source "ChessBase"]
[SourceDate "2021.10.06"]
[SourceVersion "1"]
[SourceVersionDate "2021.10.06"]
[SourceQuality "1"]
[WhiteTeam "Aachen DJK Aufwärts III"]
[BlackTeam "Koeln Lasker"]
[WhiteTeamCountry "GER"]
[BlackTeamCountry "GER"]

1. c4 c5 2. g3 g6 3. Bg2 Bg7 4. Nf3 Nc6 5. d3 d6 6. Nc3 e6 7. Bg5 Nge7 8. Qc1 a6 9. Ne4 f5 10. Nc3 h6 11. Bd2 Bd7 12. 0-0 Qc7 13. Rb1 g5 14. h4 f4 15. Ne4 fxg3 16. Nxg3 gxh4 17. Nh5 Rg8 18. Kh1 0-0-0 19. Nxh4 Nd4 20. e3 Ndf5 21. Nxf5 Nxf5 22. b4 Bc6 23. f3 cxb4 24. Be1 Qf7 25. Nf4 Be5 26. Nh3 Qg6 0-1

[Event "Oberliga NRW 1516"]
[Site "Germany"]
[Date "2015.10.25"]
[Round "2.8"]
[White "Holtel, Jasper"]
[Black "Andok, Claus Michael"]
[Result "1-0"]
[WhiteElo "2267"]
[BlackElo "2074"]
[PlyCount "67"]
[EventDate "2015.09.27"]
[EventType "team-tourn"]
[EventRounds "9"]
[EventCountry "GER"]
[SourceTitle "EXT 2017"]
[Source "ChessBase"]
[SourceDate "2016.10.25"]
[SourceVersion "1"]
[SourceVersionDate "2016.10.25"]
[SourceQuality "1"]
[WhiteTeam "Muenster"]
[BlackTeam "Wuerselen"]
[WhiteTeamCountry "GER"]
[BlackTeamCountry "GER"]

1. e4 c6 2. d4 d5 3. e5 h5 4. h4 Bf5 5. Bd3 Bxd3 6. Qxd3 e6 7. Bg5 Qb6 8. Nd2 c5 9. c4 Nc6 10. Ngf3 cxd4 11. 0-0 Nge7 12. a3 Qxb2 13. Rfc1 Qb6 14. cxd5 exd5 15. Rab1 Qc7 16. Nxd4 Qxe5 17. N2f3 Qe4 18. Qb5 f6 19. Re1 a6 20. Qb6 Nxd4 21. Rxe4 Nxf3+ 22. gxf3 dxe4 23. Qxb7 Rd8 24. Be3 exf3 25. Bc5 Rd7 26. Qxa6 Kf7 27. Qc4+ Kg6 28. Qe4+ Kf7 29. Re1 Rh6 30. Qe6+ Ke8 31. Rb1 Rg6+ 32. Kf1 Rd8 33. Bxe7 Bxe7 34. Re1 1-0

[Event "Oberliga NRW 1516"]
[Site "Germany"]
[Date "2015.09.27"]
[Round "1.8"]
[White "Andok, Claus Michael"]
[Black "Herzum, Peter"]
[Result "1-0"]
[WhiteElo "2074"]
[BlackElo "2012"]
[PlyCount "67"]
[EventDate "2015.09.27"]
[EventType "team-tourn"]
[EventRounds "9"]
[EventCountry "GER"]
[SourceTitle "EXT 2017"]
[Source "ChessBase"]
[SourceDate "2016.10.25"]
[SourceVersion "1"]
[SourceVersionDate "2016.10.25"]
[SourceQuality "1"]
[WhiteTeam "Wuerselen"]
[BlackTeam "Duesseldorf"]
[WhiteTeamCountry "GER"]
[BlackTeamCountry "GER"]

1. c4 e5 2. g3 Nc6 3. Bg2 f5 4. Nc3 Nf6 5. d3 Bb4 6. Bd2 0-0 7. a3 Bxc3 8. Bxc3 d6 9. b4 Qe8 10. b5 Ne7 11. Nf3 f4 12. Qb3 Nf5 13. Ng5 Qh5 14. Ne4 Nxe4 15. Bxe4 Be6 16. Bf3 Qg5 17. Bxb7 Rab8 18. Be4 Nh6 19. Bd2 Qf6 20. f3 Nf5 21. Bxf5 Bxf5 22. Qc3 g5 23. g4 Be6 24. a4 Qh6 25. h3 Qg6 26. Kf1 h5 27. Be1 Kf7 28. Bf2 Rh8 29. Kg2 Rh6 30. c5 Rbh8 31. cxd6 cxd6 32. Qc7+ Kf6 33. Qxd6 hxg4 34. fxg4 1-0

[Event "Oberliga NRW 1415"]
[Site "Germany"]
[Date "2015.03.22"]
[Round "8.6"]
[White "Berndt, Axel"]
[Black "Andok, Claus Michael"]
[Result "1/2-1/2"]
[WhiteElo "2122"]
[BlackElo "2100"]
[PlyCount "30"]
[EventDate "2014.09.14"]
[EventType "team-tourn"]
[EventRounds "9"]
[EventCountry "GER"]
[SourceTitle "EXT 2017"]
[Source "ChessBase"]
[SourceDate "2016.10.25"]
[SourceVersion "1"]
[SourceVersionDate "2016.10.25"]
[SourceQuality "1"]
[WhiteTeam "Duesseldorf"]
[BlackTeam "Wuerselen"]
[WhiteTeamCountry "GER"]
[BlackTeamCountry "GER"]

1. e4 g6 2. d4 Bg7 3. Nc3 c6 4. Be3 d5 5. e5 h5 6. f4 Nh6 7. h3 b5 8. Be2 Nf5 9. Bf2 a5 10. Qd2 a4 11. a3 e6 12. Nf3 Bf8 13. 0-0 h4 14. Nd1 Nd7 15. Ne3 Nb6 1/2-1/2

[Event "BEL-chT 1213"]
[Site "Belgium"]
[Date "2013.01.13"]
[Round "7.7"]
[White "Huesmann, Thomas"]
[Black "Andok, Claus Michael"]
[Result "1-0"]
[WhiteElo "2244"]
[BlackElo "2099"]
[PlyCount "95"]
[EventDate "2012.09.23"]
[EventType "team-tourn"]
[EventRounds "11"]
[EventCountry "BEL"]
[SourceTitle "EXT 2014"]
[Source "ChessBase"]
[SourceDate "2013.11.20"]
[SourceVersion "1"]
[SourceVersionDate "2013.11.20"]
[SourceQuality "1"]
[WhiteTeam "Rochade"]
[BlackTeam "Eynatten II"]
[WhiteTeamCountry "BEL"]
[BlackTeamCountry "BEL"]

1. e4 c6 2. d4 d5 3. exd5 cxd5 4. Bd3 Nf6 5. c3 Nc6 6. Bf4 e6 7. Nf3 Bd6 8. Bxd6 Qxd6 9. 0-0 Qf4 10. Re1 0-0 11. Nbd2 Re8 12. Bb5 Bd7 13. Bxc6 Bxc6 14. Ne5 a5 15. Re3 a4 16. Qc2 a3 17. b3 Bb5 18. Rae1 Rec8 19. Qd1 Rc7 20. Rf3 Qh4 21. Rh3 Qf4 22. Rf3 Qh4 23. g3 Qh5 24. Kg2 Rac8 25. Ree3 Rxc3 26. Rxc3 Rxc3 27. Nb1 Rxf3 28. Qxf3 Qxf3+ 29. Kxf3 Ne4 30. Ke3 Kf8 31. Nxa3 Be8 32. Nd3 Nd6 33. g4 Ke7 34. f3 Kd8 35. Nb1 Kc7 36. Nc3 Bb5 37. Nf4 Be8 38. Nh5 g6 39. Nf6 h6 40. Ng8 h5 41. gxh5 gxh5 42. Nf6 h4 43. Kf4 Kd8 44. Ke5 Nf5 45. Nxe8 Kxe8 46. Nxd5 Ng7 47. Ne3 Ke7 48. Kf4 1-0

[Event "Regionalliga Mittelrhein 1213"]
[Site "Germany"]
[Date "2012.11.11"]
[Round "4.5"]
[White "Schenk, Uwe"]
[Black "Andok, Claus Michael"]
[Result "0-1"]
[WhiteElo "2013"]
[BlackElo "2085"]
[PlyCount "76"]
[EventDate "2012.09.09"]
[EventType "team"]
[EventRounds "11"]
[EventCountry "GER"]
[SourceTitle "EXT 2015"]
[Source "ChessBase"]
[SourceDate "2014.11.20"]
[SourceVersion "1"]
[SourceVersionDate "2014.11.20"]
[SourceQuality "1"]
[WhiteTeam "Godesberg III"]
[BlackTeam "Wuerselen"]
[WhiteTeamCountry "GER"]
[BlackTeamCountry "GER"]

1. Nf3 e6 2. c4 b6 3. g3 Bb7 4. Bg2 f5 5. 0-0 Nf6 6. Nc3 Bb4 7. Qc2 0-0 8. a3 Bxc3 9. Qxc3 Qe8 10. b4 Qh5 11. Bb2 Rf7 12. d3 Na6 13. Rae1 d6 14. e4 fxe4 15. Nd2 Raf8 16. Nxe4 Nxe4 17. Bxe4 Bxe4 18. Rxe4 e5 19. d4 Qg6 20. Re2 Rf3 21. Qc1 e4 22. d5 h5 23. Qc2 Re8 24. Rfe1 Qf5 25. Rxe4 Rxe4 26. Rxe4 Kh7 27. Bd4 Rxa3 28. Qe2 Ra2 29. Qe3 Ra3 30. Qe1 Rd3 31. Rf4 Qg6 32. Qe2 Nxb4 33. Rh4 Kg8 34. Qe7 Rd1+ 35. Kg2 Nc2 36. Bxg7 Ne1+ 37. Kf1 Nf3+ 38. Kg2 Nxh4+ 0-1

[Event "BEL-chT 1213"]
[Site "Belgium"]
[Date "2012.10.07"]
[Round "2.6"]
[White "Andok, Claus Michael"]
[Black "Wantola, Ivo"]
[Result "0-1"]
[WhiteElo "2099"]
[BlackElo "2330"]
[PlyCount "90"]
[EventDate "2012.09.23"]
[EventType "team-tourn"]
[EventRounds "11"]
[EventCountry "BEL"]
[SourceTitle "CBM 150 Extra"]
[Source "ChessBase"]
[SourceDate "2012.10.19"]
[SourceVersion "1"]
[SourceVersionDate "2012.10.19"]
[SourceQuality "1"]
[WhiteTeam "Eynatten II"]
[BlackTeam "Fontaine"]
[WhiteTeamCountry "BEL"]
[BlackTeamCountry "BEL"]

1. Nf3 c5 2. c4 g6 3. Nc3 Nc6 4. g3 Bg7 5. Bg2 e5 6. d3 Nge7 7. 0-0 0-0 8. Bd2 d6 9. Qc1 Rb8 10. Bh6 a6 11. h4 b5 12. b3 b4 13. Nd5 Nxd5 14. cxd5 Nd4 15. Re1 Re8 16. e4 Nb5 17. Kh2 f6 18. Bxg7 Kxg7 19. Nd2 Rf8 20. f4 Rb7 21. Rf1 h6 22. f5 g5 23. Bf3 Bd7 24. h5 Qc7 25. Nc4 Ra8 26. Rf2 a5 27. Bd1 a4 28. bxa4 Nc3 29. a5 Bb5 30. Bb3 Bxc4 31. Bxc4 Rxa5 32. g4 Rba7 33. Rg2 Ra3 34. Rb2 R7a5 35. Qe1 Qa7 36. Qd2 Na4 37. Rab1 Nxb2 38. Rxb2 Rc3 39. Kg2 Raa3 40. Kf2 Rxc4 41. dxc4 Rh3 42. Kg2 Qa3 43. Qf2 Rh4 44. Rb3 Qc1 45. Rxb4 Qh1+ 0-1

[Event "GER-ch Net final U25"]
[Site "Playchess.com INT"]
[Date "2012.09.15"]
[Round "6"]
[White "Meier, Georg"]
[Black "Andok, Claus Michael"]
[Result "1-0"]
[WhiteElo "2671"]
[BlackElo "2116"]
[PlyCount "131"]
[EventDate "2012.09.15"]
[EventType "swiss (blitz)"]
[EventRounds "9"]
[EventCountry "GER"]
[SourceTitle "CBM 150 Extra"]
[Source "ChessBase"]
[SourceDate "2012.10.19"]
[SourceVersion "1"]
[SourceVersionDate "2012.10.19"]
[SourceQuality "1"]

1. Nf3 e6 2. d4 b6 3. e4 Bb7 4. Bd3 Nf6 5. Qe2 c5 6. d5 exd5 7. exd5+ Qe7 8. c4 Qxe2+ 9. Kxe2 d6 10. Nc3 a6 11. Re1 h6 12. Bf4 Kd8 13. h3 Be7 14. g4 g5 15. Bg3 Nbd7 16. Kf1 Re8 17. Bf5 Kc7 18. a3 Nf8 19. b4 Bc8 20. Bd3 Bd7 21. Nd2 Ng6 22. Bxg6 fxg6 23. Re3 Bf8 24. Nde4 Nxe4 25. Nxe4 h5 26. f3 Bf5 27. Ke2 Bxe4 28. Rxe4 Bg7 29. Rf1 Rxe4+ 30. fxe4 Rf8 31. bxc5 bxc5 32. e5 Rxf1 33. exd6+ Kd7 34. Kxf1 Bf8 35. Ke2 hxg4 36. hxg4 Bg7 37. Kd3 Bf8 38. Kc2 Bg7 39. Kb3 Bd4 40. Be1 Bf6 41. Ka4 Bd8 42. Bg3 Bb6 43. Be5 Bd8 44. Kb3 Ba5 45. Bf6 Bd2 46. Be7 Bf4 47. Ka4 Bd2 48. Kb3 Bf4 49. Kc2 Be3 50. Kd3 Bf4 51. Ke4 a5 52. a4 Bxd6 53. Bxg5 Bg3 54. Bf4 Be1 55. d6 Ke6 56. d7 Kxd7 57. Kd5 Bb4 58. Bd6 Bc3 59. Bxc5 Bd2 60. Bd4 Bb4 61. Bb6 Bc3 62. c5 Be1 63. c6+ Kc8 64. Kc4 Bb4 65. Kb5 Be1 66. Bxa5 1-0

[Event "GER-ch Net qual2 U25"]
[Site "Playchess.com INT"]
[Date "2012.09.05"]
[Round "3"]
[White "Carow, Johannes"]
[Black "Andok, Claus Michael"]
[Result "0-1"]
[WhiteElo "2245"]
[BlackElo "2116"]
[PlyCount "52"]
[EventDate "2012.09.05"]
[EventType "swiss (blitz)"]
[EventRounds "7"]
[EventCountry "GER"]
[SourceTitle "CBM 150 Extra"]
[Source "ChessBase"]
[SourceDate "2012.10.19"]
[SourceVersion "1"]
[SourceVersionDate "2012.10.19"]
[SourceQuality "1"]

1. d4 e6 2. c4 b6 3. Nc3 Bb7 4. Qc2 Bb4 5. a3 Bxc3+ 6. Qxc3 f5 7. Nf3 Nf6 8. g3 0-0 9. Bg2 d6 10. 0-0 Qe8 11. b3 Nbd7 12. Bb2 Qh5 13. Rfe1 Ne4 14. Qc2 Ndf6 15. h3 Ng5 16. Nxg5 Bxg2 17. Kxg2 Qxg5 18. Bc1 Qg6 19. Rg1 Ne4 20. Bf4 Rae8 21. f3 e5 22. fxe4 exf4 23. Kh2 Rxe4 24. gxf4 Qh5 25. Rg2 Re3 26. Kg1 Rxh3 0-1

[Event "GER-ch Net qual1 U25"]
[Site "Playchess.com INT"]
[Date "2012.09.01"]
[Round "5"]
[White "Kearns, Christopher"]
[Black "Andok, Claus Michael"]
[Result "1/2-1/2"]
[WhiteElo "2064"]
[BlackElo "2116"]
[PlyCount "40"]
[EventDate "2012.09.01"]
[EventType "swiss (blitz)"]
[EventRounds "7"]
[EventCountry "GER"]
[SourceTitle "CBM 150 Extra"]
[Source "ChessBase"]
[SourceDate "2012.10.19"]
[SourceVersion "1"]
[SourceVersionDate "2012.10.19"]
[SourceQuality "1"]

1. e4 c6 2. d4 d5 3. e5 Bf5 4. Nf3 e6 5. Be2 h5 6. 0-0 c5 7. Be3 cxd4 8. Nxd4 Ne7 9. c4 Nbc6 10. cxd5 Nxd4 11. Qxd4 Qxd5 12. Bf3 Qxd4 13. Bxd4 Nc6 14. Bxc6+ bxc6 15. Nc3 c5 16. Be3 c4 17. Nb5 Rb8 18. a4 a6 19. Nc7+ Kd7 20. Nxa6 Rb3 1/2-1/2

[Event "Mittelrhein-chT 1112"]
[Site "Germany"]
[Date "2012.04.15"]
[Round "11.3"]
[White "Roski, Ferdinand"]
[Black "Andok, Claus Michael"]
[Result "0-1"]
[WhiteElo "2167"]
[BlackElo "2093"]
[PlyCount "67"]
[EventDate "2011.09.11"]
[EventType "team-tourn"]
[EventRounds "13"]
[EventCountry "GER"]
[SourceTitle "EXT 2013"]
[Source "ChessBase"]
[SourceDate "2012.11.22"]
[SourceVersion "1"]
[SourceVersionDate "2012.11.22"]
[SourceQuality "1"]
[WhiteTeam "Godesberg II"]
[BlackTeam "Wuerselen"]
[WhiteTeamCountry "GER"]
[BlackTeamCountry "GER"]

1. Nf3 Nf6 2. g3 c5 3. Bg2 g6 4. d3 Nc6 5. e4 d6 6. 0-0 Bg7 7. c3 0-0 8. h3 c4 9. Re1 cxd3 10. Qxd3 Nd7 11. Be3 Nde5 12. Nxe5 Nxe5 13. Qe2 Be6 14. b3 Nc6 15. Qd2 Re8 16. Kh2 Qa5 17. Qb2 d5 18. Bd2 dxe4 19. Bxe4 Qh5 20. h4 Ne5 21. Be3 Nf3+ 22. Bxf3 Qxf3 23. Nd2 Qf5 24. Kg1 Qh3 25. Ne4 Bd5 26. f3 Bxe4 27. fxe4 Qxg3+ 28. Kh1 Qh3+ 29. Kg1 Qg4+ 30. Kf1 Qf3+ 31. Kg1 Qxe4 32. Bf2 Qg4+ 33. Kh2 Rad8 34. Re3 0-1

[Event "EU-ch 13th"]
[Site "Plovdiv"]
[Date "2012.03.24"]
[Round "5"]
[White "Dimitrov, Atanas Valtchev"]
[Black "Andok, Claus Michael"]
[Result "1-0"]
[WhiteElo "2318"]
[BlackElo "2116"]
[PlyCount "49"]
[EventDate "2012.03.20"]
[EventType "swiss"]
[EventRounds "11"]
[EventCountry "BUL"]
[SourceTitle "CBM 148"]
[Source "ChessBase"]
[SourceDate "2012.05.16"]
[SourceVersion "1"]
[SourceVersionDate "2012.05.16"]
[SourceQuality "1"]

1. Nf3 Nf6 2. g3 d5 3. Bg2 h6 4. 0-0 Bf5 5. c4 c6 6. cxd5 cxd5 7. Qb3 Qb6 8. Nc3 e6 9. d3 Na6 10. e4 Qxb3 11. axb3 Bh7 12. exd5 Bxd3 13. Re1 Nb4 14. dxe6 fxe6 15. Rxe6+ Kf7 16. Bh3 Bc5 17. Ne5+ Kg8 18. Nxd3 Nxd3 19. Be3 Kf7 20. Rd1 Rad8 21. Rxd3 Rxd3 22. Bxc5 Re8 23. Rxe8 Kxe8 24. Be3 a6 25. Bc8 1-0

[Event "EU-ch 13th"]
[Site "Plovdiv"]
[Date "2012.03.21"]
[Round "2"]
[White "Kreisl, Robert"]
[Black "Andok, Claus Michael"]
[Result "1-0"]
[WhiteElo "2400"]
[BlackElo "2116"]
[PlyCount "31"]
[EventDate "2012.03.20"]
[EventType "swiss"]
[EventRounds "11"]
[EventCountry "BUL"]
[SourceTitle "CBM 148"]
[Source "ChessBase"]
[SourceDate "2012.05.16"]
[SourceVersion "1"]
[SourceVersionDate "2012.05.16"]
[SourceQuality "1"]

1. Nf3 Nf6 2. g3 d5 3. Bg2 c5 4. 0-0 Nc6 5. d4 e6 6. c4 Be7 7. cxd5 Nxd5 8. Nc3 Nf6 9. dxc5 Bxc5 10. Qxd8+ Nxd8 11. Ne5 Nd7 12. Nd3 Bd6 13. Nb5 Bb8 14. Be3 a6 15. Rfc1 Bxg3 16. Na7 1-0